Click U.S. States By Their Biggest City - Statistics

General Stats
  • This quiz has been taken 138 times
    131 since last reset
  • The average score is 39 of 50
Answers on the Map
Answers color-coded by a green-red scale on the quiz's map according to % correct below.
 
Answer Stats
Answer % Correct
Chicago
91%
Honolulu
91%
Los Angeles
90%
New Orleans
90%
Houston
88%
Las Vegas
88%
Seattle
88%
Columbus
87%
Detroit
87%
Indianapolis
87%
Oklahoma City
85%
Atlanta
84%
Charlotte
84%
Denver
84%
Phoenix
84%
Portland (OR)
84%
Charleston (WV)
83%
New York City
83%
Philadelphia
83%
Virginia Beach
83%
Anchorage
82%
Charleston (SC)
82%
Minneapolis
82%
Nashville
82%
Salt Lake City
82%
Wichita
81%
Albuquerque
80%
Baltimore
80%
Boston
79%
Jacksonville
79%
Milwaukee
79%
Boise
78%
Portland (ME)
78%
Little Rock
76%
Des Moines
75%
Kansas City
74%
Newark
74%
Omaha
74%
Cheyenne
73%
Jackson
73%
Billings
71%
Louisville
71%
Providence
70%
Sioux Falls
70%
Fargo
69%
Bridgeport
61%
Huntsville
61%
Burlington
55%
Manchester
55%
Wilmington
53%
No matching quizzes found
Score Distribution
Percent of People with Each Score
Percentile by Number Answered
Your Score History
You have not taken this quiz since the last reset